Možnosti experimentu a simulace při stanovení jakostních charakteristik litin a vad tlakově litých odlitků

Podrobná bibliografia
Hlavní autori: Bařinová, Dagmar (Author), Palán, Kamil (Author), Zemčík, Ladislav (Author), Čech, Jaroslav (Author)
Médium: Článok
Jazyk:Czech
Témy:
Zdroj: 1. Slévárenství 1. 0037-6825 1. Roč. 50, č. 8-9(2002), s. 305-311
LEADER 01207nab#a2200397#ar4500
001 000030438
003 SVKKK
005 00000000000000.0
008 c xo e czeo
FMT
038 |a SVKKK 
040 |a SVKKK  |b slo  |e AACR2 
041 0 |a cze  |b eng 
044 |a xo  |c SK 
080 |a 539.3/.  |2 1981 
080 |a 621.746.  |2 1981 
080 |a 669.1  |2 1981 
242 1 0 |a Experimental and simulation possibilities at quality charakteristics determination of cast iron and of die casting defects 
245 0 0 |a Možnosti experimentu a simulace při stanovení jakostních charakteristik litin a vad tlakově litých odlitků  |c Čech Jaroslav ... [et al.] 
300 |b Fotogr., obr., tab., lit., 
504 |a Res. angl. 
650 0 4 |a liatie tlakové  |x experimenty  |x štúdie 
650 0 4 |a liatiny 
650 0 4 |a odliatky 
700 1 |a Bařinová, Dagmar  |4 aut 
700 1 |a Palán, Kamil  |4 aut 
700 1 |a Zemčík, Ladislav  |4 aut 
700 1 |a Čech, Jaroslav  |4 aut 
773 0 |t Slévárenství  |x 0037-6825  |g Roč. 50, č. 8-9(2002), s. 305-311 
958 |a NB 
958 |a NP 
974 |d 021202  |a Mi 
992 |a RBX 
BAS
852 |a SVKKK  |b BIB 
998 |a HUT